| 000 | 00756nam a2200205 a 4500 | ||
|---|---|---|---|
| 005 | 20210223121513.0 | ||
| 008 | 991125s1963 ea 000 0 eng u | ||
| 035 | _aUPN01000018862 | ||
| 049 | _aCG | ||
| 050 | 4 |
_aLB1589 E6.2 _bE3.3 LM |
|
| 100 | 1 |
_aEicholz, Robert E. _930647 |
|
| 245 | 1 | 0 |
_aElementary school mathematics : _bbook 2 / _cRobert E. Eicholz, Emerson Martin ; consulting authors Charles F. Brumfiel, Merrill E. Shanks. |
| 260 |
_aReading [E.U.A.] : _bAddison-Wesley, _cc1963. |
||
| 300 |
_a240 p. : _bil |
||
| 440 | 0 | _aElementary school mathematics series | |
| 500 | _a"Teachers edition" | ||
| 650 | 4 |
_aMATEMATICAS - _xESTUDIO Y ENSEĆANZA (ELEMENTAL) - _zESTADOS UNIDOS _925642 |
|
| 700 | 1 |
_aMartin, Emerson, _ecoaut. _929146 |
|
| 905 | _aLibro | ||
| 999 |
_c18862 _d18862 |
||